00912 2200301 4500001002100000005001500021007000300036008004100039020002200080035002000102040001700122041000800139082001200147084001800159090002400177100001900201245010800220250001700328260004200345300003600387500003300423504002900456650002100485700003200506700003800538850001000576990002400586INLIS00000000000268720260601080114ta260601 g 0 ind  a978-979-29-6704-3 a0010-0620000060 aSBPUPADbInd07aInd a583.952 a583.952 RAH u a583.952 RAH u L17-40 aRahmat Rukmana1 aUntung Selangit Dari Agribisnis Cabai /cRahmat Rukmana, Herdi Yudirachman; Editor, FI. Sigit Suyantoro a.-Ed.1.cet.1 a.--Yogyakarta :bLilyPublisher,c2017 aviii,232 hlm. :bilus. ;c23 cm aTentang Penulis, hlm 227-228 aBibliografi, hlm 199-201 4aAgribisnis Cabai0 aEditor, FI. Sigit Suyantoro0 aPengarang Ke-2, Herdi Yudirachman aPUPAD a32.813/DAK/DPK/2019